Angles, Saxons, and Jutes : essays presented to J.N.L. Myres /

Bibliographic Details
Other Authors: Myres, J. N. L. (John Nowell Linton), Evison, Vera I.
Format: Book
Language:English
Published: Oxford : New York : Clarendon ; Oxford University Press, 1981.
Subjects:

MARC

Tag First Indicator Second Indicator Subfields
LEADER 00000pam a2200000 a 4500
001 in00000081881
005 20151008054201.0
008 810107s1981 enkabf b 01000 engm
010 |a  80041599  
015 |a GB81 
020 |a 0198134029 :  |c 25.00 
035 |a (OCoLC)07197409 
035 |9 AAH9903AM 
039 0 |a 2  |b 3  |c 3  |d 3  |e 3 
040 |a DLC  |c DLC  |d m.c.  |d TXA  |d UtOrBLW 
043 |a e------ 
049 |a TXAM  |c [1441964] 
050 0 0 |a D121  |b .A53 
082 0 |a 940.1/2  |2 19 
245 0 0 |a Angles, Saxons, and Jutes :  |b essays presented to J.N.L. Myres /  |c edited by Vera I. Evison. 
264 1 |a Oxford :  |b Clarendon ;  |a New York :  |b Oxford University Press,  |c 1981. 
300 |a xxx, 254 pages, 16 unnumbered pages of plates :  |b illustrations, maps ;  |c 26 cm. 
336 |a text  |b txt  |2 rdacontent 
337 |a unmediated  |b n  |2 rdamedia 
338 |a volume  |b nc  |2 rdacarrier 
504 |a Includes bibliographies. 
600 1 0 |a Myres, J. N. L.  |q (John Nowell Linton) 
650 0 |a Civilization, Anglo-Saxon. 
650 0 |a Jutes  |x Civilization. 
651 0 |a Europe  |x History  |y 392-814. 
700 1 |a Myres, J. N. L.  |q (John Nowell Linton) 
700 1 |a Evison, Vera I. 
999 |a MARS 
999 f f |s e27ecf62-6e55-37d7-b635-579ba2b2f564  |i 0f3e4122-73c5-381c-822c-b37377004bcd  |t 0 
952 f f |p ric  |a Texas A&M University  |b Rellis Campus  |c Joint Library Facility  |d Remote Storage  |t 0  |e D121 .A53  |h Library of Congress classification  |i unmediated -- volume  |m A14806094541 
998 f f |a D121 .A53  |t 0  |l Remote Storage